00785nam a22002417a 450000500170000000800410001702000180005804100080007604400080008408200180009210000190011024501070012926000490023630000410028550400210032665000360034765000280038365000440041165000260045570000210048170000200050270000210052220200104041617.0130723b2010 - ||||| |||| 00| 0 spa d a9781856177979 aeng aenk a333.73bB877s aBrown, Kandi.  aSustainable land development and restoration /bdecision consequence analysiscKandi Brown... [et al]. aKidlington (United Kingdom) bElsevierc2010 a497 p.bil., tablas, planosc23 cm.  aIncluye índice aLand usexEnvironmental aspects aSustainable development aUsos de la tierraxAspectos ambientales aDesarrollo sostenible aHall, William L. aSnook, Marjorie aGarvin, Kathleen